Statystyki dla Państwa Afryki

Kliknij tutaj aby rozwiązać quiz!

Ogólne statystyki

  • Ten quiz został rozwiązany 20 razy
  • Średni wynik to 46 z 54

Odpowiedzi na mapie

Odpowiedzi skodowane kolorowo w zielono-czerwonej skali na mapie do tego quizu, zgodnie z poniższymi procentami.
 

Statystyki odpowiedzi

Państwo% Poprawnych
Algieria
100%
Egipt
100%
Etiopia
100%
Republika Południowej Afryki
100%
Rwanda
100%
Sudan
100%
Angola
92%
Czad
92%
Demokratyczna Republika Konga
92%
Erytrea
92%
Kenia
92%
Kongo
92%
Libia
92%
Madagaskar
92%
Mozambik
92%
Niger
92%
Nigeria
92%
Senegal
92%
Seszele
92%
Sudan Południowy
92%
Togo
92%
Wybrzeże Kości Słoniowej
92%
Zimbabwe
92%
Burkina Faso
85%
Eswatini
85%
Kamerun
85%
Malawi
85%
Mali
85%
Maroko
85%
Namibia
85%
Republika Środkowoafrykańska
85%
Somalia
85%
Tunezja
85%
Uganda
85%
Zambia
85%
Benin
77%
Burundi
77%
Dżibuti
77%
Gabon
77%
Gambia
77%
Gwinea
77%
Gwinea Równikowa
77%
Komory
77%
Lesotho
77%
Mauretania
77%
Tanzania
77%
Wyspy Świętego Tomasza i Książęca
77%
Botswana
69%
Gwinea Bissau
69%
Liberia
69%
Mauritius
69%
Sierra Leone
69%
Ghana
62%
Republika Zielonego Przylądka
62%

Rozkład punktacji

Percentyl według liczby udzielonych odpowiedzi

Procent ludzi z każdym wynikiem

Twoja historia wyników

Nie rozwiązałeś tego quizu